All Countries with 6 borders - Statistics

General Stats
  • This quiz has been taken 16 times
  • The average score is 10 of 14
Answer Stats
Answer % Correct
India
89%
South Sudan
89%
Central African Republic
78%
Chad
78%
Guinea
78%
Iraq
78%
Mozambique
78%
South Africa
78%
Afghanistan
67%
Burkina Faso
67%
Cameroon
67%
Ethiopia
67%
Italy
67%
Libya
56%
No matching quizzes found
Score Distribution
Percent of People with Each Score
Percentile by Number Answered
Your Score History
You have not taken this quiz